MDQL
is popping MORE tags! Check the
thread
!
Quizzes
Events
Quiz Creation
Community
Videos
Private Events
Remove Ads
Sign In
Join for FREE
Feedback
Dark Mode
Quiz Categories
Sports
Geography
Music
Movies
Television
Just For Fun
Miscellaneous
History
Literature
Language
Science
Gaming
Entertainment
Religion
Holiday
For Kids
Quiz Lab
Recent
Popular Today
Quiz Kudos Today
Editor Picks
Curator Picks
Quizzes by...
Day
Popularity
Type
Ratings
Length
Year
Community
Subscriptions
Recent Discussions
Orange Saloon
Badges
Playlists
Quests
Create
Leaderboards
Showdown
Live 5
Trivia Bingo
Activity
Puzzle Library
Sporcle Events
Private Events
Virtual Trivia
Globe League
Become a Host
Pub Owners
SporcleCon
Opinionation
Our Games
Videos
Blog
Mobile Apps
Partnerships
Remove Ads and Go Orange
Feedback
Geography
Country
Landmarks
City
State
Population
World
Capital
Continent
Flags
Europe
Africa
Asia
South America
North America
Oceania
Border
Canada
United Kingdom
Topography
United States
Geography
Country
Landmarks
City
State
Population
World
Capital
Continent
Flags
Europe
Africa
Asia
South America
North America
Oceania
Border
Canada
United Kingdom
Topography
United States
Random Quiz
Search Sporcle
×
Quiz Lab
Quiz Lab
Geography
Alphabet
Type in answers that appear in a list
Type in answers that appear in a list
Classic
Best Score? Go Orange.
U.S. Metros Nearest 500,000 Population Stats
Can you name the U.S. metro- or micropolitan area nearest 500,000 in population for each letter of the alphabet?
By
AmblingPoodle
10m
25 Questions
438 Plays
438 Plays
438 Plays
Comments
Comments
Give Quiz Kudos
Give Quiz Kudos
-
- Ratings
hide this ad
More Info
Replay
Link that replays current quiz
Next Quiz
Link to next quiz in quiz playlist
You Got
0%
They Got
Avg Score
35%
Avg Friend Score
Upgrade to see
Score Distribution
Jump to the score distribution portion of the page
Score
0/25
Timer
10:00
0
Plays Today
Letter
City
% Correct
J
Jackson, MS
75.3%
Y
Youngstown, OH
57.3%
B
Boise, ID
57.1%
Q
Quincy, IL
53.9%
R
Reno, NV
51.6%
P
Portland, ME
50.7%
A
Augusta, GA
46.3%
E
Evansville, IN
40.4%
Z
Zanesville, OH
39.5%
U
Utica, NY
37.9%
H
Harrisburg, PA
37%
C
Chattanooga, TN
34.7%
F
Fayetteville, AR
33.6%
Letter
City
% Correct
I
Iowa City, IA
32.2%
T
Trenton, NJ
32.2%
G
Greenville, SC
29.5%
M
Modesto, CA
25.1%
W
Winston-Salem, NC
24.2%
O
Ogden, UT
24%
L
Lancaster, PA
23.3%
D
Deltona, FL
21.9%
V
Visalia, CA
18.3%
K
Killeen, TX
17.1%
S
Santa Rosa, CA
16%
N
Naples, FL
14.2%
Quiz Playlist
Details
Report
Send in Message
Add To Playlist
More Info:
Answers are primary cities in metro or micropolitan areas as listed by the Census Bureau. Consolidated MSAs are not included.
Classic:
Type in answers that appear in a list
Quiz Source
Last Updated: Feb 16, 2017
Quiz Scoreboard
CHALLENGE
Sign Up to Join the Scoreboard
Show All
Scores
Hide
Comments
May contain spoilers
Recently Published
Colored Red Africa Blitz
by spor1
Geography
30s
Find the 'City' Movie
by crazypaving
Movies
60s
5x2 Blitz: Bands
by SL_Kpop136
Music
30s
More to Explore
Quiz From the Vault
Featured Blog Post
14 Easter Pick-up Lines to Find Eggs With
hide this ad
You Might Also Like...
Tags
Alphabet Quiz
City Quiz
Letter Quiz
Population Quiz
500
500 000
area
metro
micro
micropolitan
nearest
retro
Today's Top Quizzes in Geography
Browse Geography
hide this ad
Today's Top Quizzes in Alphabet
Browse Alphabet
Top Contributed Quizzes in Geography
1
Colored Red Europe Blitz I
2
Countries of the World - No Outlines Minefield
3
Colored Red Africa Blitz II
4
Colored Red Europe Blitz II
5
Colored Red Europe Blitz III
6
Colored Red Africa Blitz III
7
Colored Red States Blitz I
8
A Different View: World Oceans
9
Colored Red States Blitz II
10
Lietuvos savivaldybės (Lithuanian Municipalities)
Explore More
Trending Topics
Marvel
Harry Potter
NBA
Disney
Crossword
Kpop
Anime
Country
Pokémon
WWE
NFL
The Office
Puzzle
Song
Soccer
hide this ad
More By:
AmblingPoodle
Quiz
Plays
Rating
Category
Featured
Created
Soda v. Pop v. Coke
8,351
2.94
Geography
Sep 20, 2010
Cotton-Producing U.S. States
1,128
4.59
Geography
Sep 16, 2010
Largest Cities of Mexico (Metro)
615
4.60
Geography
Jul 24, 2010
Grammar & Punctuation: Apostrophe Usage
495
5.00
Language
Dec 15, 2010
U.S. Metros Nearest 500,000 Population
438
4.44
Geography
Feb 6, 2010
Go to Creator's Profile
Score Distribution
Quiz Creator Spotlight
AmblingPoodle
Follow
Send a Message
Quizzes Created
-
Created Quiz Play Count
-
More By This Creator
Popular Quizzes Today
1
Colored Red Africa Blitz
2
Find the US States - No Outlines Minefield
3
Find the 'City' Movie
4
5x2 Blitz: Bands
5
The Countries of the World
6
Find the US States
7
Find the Countries of Europe - No Outlines Minefield
8
US States
More Geography Quizzes
Complete the Map Snippet - Sink the Map Snippet VI
Quiz Lab
Trending Quizzes
Colored Red Europe Blitz I
Colored Red Europe Blitz II
Colored Red Africa Blitz II
Colored Red Europe Blitz III
Colored Red Africa Blitz III
Recently Updated
How Do You Spell That?
pecheneg
Godzilla Movies
pecheneg
Grab Bag: 4-10 Letters
pecheneg
2024 March Madness Bracket
pecheneg
Famous TV Couples
Peacemaker
Champions League XIs: Real Madrid
pecheneg
Largest US Cities 1790-2010
pecheneg
Rides in Walt Disney World
pecheneg
Most Oscar Losses (Acting)
pecheneg
Beyoncé Albums
pecheneg
Trending Topics
Kpop
Harry Potter
Disney
Anime
NBA
Crossword
Marvel
The Office
Song
Pokémon
Puzzle
WWE
Soccer
Country
NFL
Your Account Isn't Verified!
In order to create a playlist on Sporcle, you need to verify the email address you used during registration. Go to your
Sporcle Settings
to finish the process.
Report this User
Report this user for behavior that violates our
Community Guidelines
.
Details:
Send Report
Go to the Sporcle.com Mobile Site →
Comments